000 00351nam a2200157Ia 4500
008 221030s9999 xx 000 0 und d
020 _a818743337X
041 _aEnglish
082 _a105.23
_bSha
100 _aV. Sharma
245 0 _aAutoCAD
260 _bDhanpat Rai Pub
_aNew Delhi
_c2001
300 _a233
650 _aBE Computer
942 _cBK
999 _c7555
_d7555